Bocas del tiempo (Registro nro. 145)
[ vista simple ]
| 000 -CABECERA | |
|---|---|
| fixed length control field | 00725nam a22002537a 4500 |
| 003 - CONTROL NUMBER IDENTIFIER | |
| control field | AR-BeUNQ |
| 005 - FECHA Y HORA DE LA ULTIMA TRANSACCION | |
| control field | 20220225124506.0 |
| 008 - ELEMENTOS DE LONGITUD FIJA-INFORMACION GENERAL | |
| fixed length control field | 171221b xxu||||| |||| 00| 0 spa d |
| 020 ## - NUMERO INTERNACIONAL NORMALIZADO PARA LIBROS | |
| Número Internacional Normalizado del libro | 9789876295574 |
| 040 ## - FUENTE DE CATALOGACION | |
| Agencia de catalogación original | AR-BeUNQ |
| Idioma de catalogación | ESPAÑOL |
| Convenciones de la descripción | aacr |
| 082 04 - NUMERO DE CLASIFICACION DECIMAL DEWEYMBER | |
| Número de la edición | U864 |
| Número de clasificación | 21 |
| 100 1# - ASIENTO PRINCIPAL-NOMBRE PERSONAL | |
| Nombre personal | Galeano, Eduardo |
| Fecha asociada al nombre | 1940-2015 |
| 245 10 - MENCION DE TITULO | |
| Título | Bocas del tiempo |
| Mención de responsabilidad, etc | Eduardo Galeano |
| 250 ## - MENCION DE EDICION | |
| Mención de edición | 1a.ed. (especial) |
| 260 ## - PUBLICACION, DISTRIBUCION, ETC. | |
| Lugar de publicación, distribución, etc. | Buenos Aires |
| Nombre del editor, distribuidor, etc. | Siglo Veintiuno |
| Fecha de publicación, distribución, etc | 2015 |
| 300 ## - DESCRIPCION FISICA | |
| Extensión | 360 p. , |
| Dimensiones | 21 x 14 |
| 490 1# - MENCION DE SERIE | |
| Mención de serie | Biblioteca Eduardo Galeano |
| 500 ## - NOTA GENERAL | |
| Nota general | incluyye indice |
| 650 #7 - ASIENTO SECUNDARIO DE MATERIA - TERMINO TEMATICO | |
| Término temático o nombre geográfico como elemento de entrada | Literatura Latinoamericana |
| Fuente del encabezamiento o términ | tell |
| 650 #7 - ASIENTO SECUNDARIO DE MATERIA - TERMINO TEMATICO | |
| Término temático o nombre geográfico como elemento de entrada | Ensayo |
| Fuente del encabezamiento o términ | tell |
| 651 #7 - ASIENTO SECUNDARIO DE MATERIA - NOMBRE GEOGRAFICO | |
| Fuente del encabezamiento o término | spines |
| Nombre geográfico | Uruguay |
| 929 ## - DATOS DE ADQUISICION | |
| Procedencia | DONACION |
| Proveedor | Ministerio de educacion |
| Número de inventario | 56352 |
| 942 ## - ELEMENTOS DE PUNTO DE ACCESO ADICIONAL (KOHA) | |
| Tipo de ítem Koha | Libros |
| Suppress in OPAC | 0 |
| Estado de retiro | Estado de pérdida | Ubicación permanente | Ubicación actual | Ubicación en estantería | Fecha de ingreso | Total Checkouts | Signatura topográfica completa | Inventario | Date last seen | Tipo de ítem Koha | Operador |
|---|---|---|---|---|---|---|---|---|---|---|---|
| Biblioteca ESET - UNQ | Biblioteca ESET - UNQ | CIRCULACION | 21/12/2017 | 21 | 56352 | 21/12/2017 | Libros | Gladys Alarcon |